[Event "FIDE Chesscom Grand Swiss 2019"]
[Site "Douglas-Isle of Man"]
[Date "2019.10.21"]
[Round "11.1"]
[White "Nakamura, Hikaru"]
[Black "Caruana, Fabiano"]
[Result "1/2-1/2"]
[WhiteElo "2745"]
[BlackElo "2812"]
[Annotator "TA"]
[PlyCount "61"]
[EventDate "2019.10.10"]
[EventType "swiss"]
[EventCountry "GBR"]
[SourceTitle "playchess.com"]
[Source "ChessBase"]
[SourceQuality "1"]

{[%evp 12,61,13,8,6,2,2,0,0,-4,0,0,0,0,1,0,16,0,0,0,17,0,7,0,22,29,29,29,27,18,24,12,34,15,20,14,10,11,43,14,13,0,0,-6,-3,-6,-4,-12,-10,-13,-1,-1]} 1. e4 e5 2. Nf3 Nf6 3. Nxe5 d6 4. Nf3 Nxe4 5. d3 Nf6 6. d4 d5 7. h3 Nc6 {[%cal Bb8c6,Bc6b4,Bb4a6,Ba6c7,Bc7e6,Be6f4][%mdl 32] C01: French: Exchange Variation} (7... Be7 8. c4 O-O 9. Be2 dxc4 10. Bxc4 Nbd7 11. O-O Nb6 12. Bb3 Nbd5 13. Nc3 h6 14. Re1 Be6 15. Bd2 {½-½ (52) Muzychuk,M (2529)-Hou,Y (2673) Beijing 2014}) 8. Bd3 Nb4 9. Bb5+ c6 10. Ba4 Bd6 11. O-O O-O 12. c3 Na6 13. Bc2 Nc7 14. Bg5 Ne6 15. Bh4 $146 ({Predecessor:} 15. Nbd2 Nxg5 16. Nxg5 {½-½ (27) Sahetchian,A (2060)-Keller,C (2171) France 2003}) 15... Nf4 16. Ne5 Ng6 17. Bg3 Bxe5 18. dxe5 Ne4 19. Bxe4 dxe4 20. Nd2 {[%cal Bb1d2,Bd2b3,Bb3d4][%mdl 32]} Qd5 21. Re1 Bf5 22. Nb3 (22. b3 {looks sharper.} Nxe5 23. c4 Qe6 24. Nxe4 Rfd8 25. Qh5) 22... Rfe8 23. Qxd5 cxd5 24. Rad1 Rad8 25. Nd4 (25. Nc5 $5 {[%cal Rc5b7]} Bc8 26. e6 $11) 25... Bd7 {The position is equal.} 26. f3 Nxe5 27. fxe4 dxe4 28. Rxe4 Nc6 29. Rxe8+ Bxe8 30. Bf2 Nxd4 31. Rxd4 {Accuracy: White = 53%, Black = 70%.} 1/2-1/2

[Event "FIDE Chesscom Grand Swiss 2019"]
[Site "Douglas-Isle of Man"]
[Date "2019.10.21"]
[Round "11.1"]
[White "Akobian, Varuzhan"]
[Black "Bu, Xiangzhi"]
[Result "1/2-1/2"]
[WhiteElo "2625"]
[BlackElo "2721"]
[Annotator "TA"]
[PlyCount "76"]
[EventDate "2019.10.10"]
[EventType "swiss"]
[EventCountry "GBR"]
[SourceTitle "playchess.com"]
[Source "ChessBase"]
[SourceQuality "1"]

{[%evp 20,76,12,8,0,20,4,0,0,0,0,0,0,0,0,0,0,0,0,-41,-36,-40,-38,-33,-45,-27,0,0,0,0,0,-29,0,0,0,0,0,-11,-11,-11,-11,-11,-11,-11,0,0,0,0,0,0,0,0,0,0,0,0,0,0,0]} 1. d4 d5 2. c4 c6 3. cxd5 cxd5 4. Nf3 Nf6 5. Nc3 Nc6 6. Bf4 Bf5 7. e3 e6 8. Qb3 Bb4 9. Bb5 O-O 10. Bxc6 Bxc3+ 11. Qxc3 Rc8 {[%mdl 64] [#] Pin. D14: Slav Defence: Exchange variation with ...Bf5} 12. Ne5 bxc6 (12... Ng4) 13. f3 Nh5 14. Bg3 Nxg3 15. hxg3 f6 16. Nd3 Bxd3 17. Qxd3 f5 18. Qa3 $146 ({Predecessor:} 18. Qa6) 18... Qc7 19. f4 c5 20. dxc5 Qxc5 21. Qxc5 Rxc5 $15 {[%mdl 4096] Endgame KRR-KRR} 22. Kd2 d4 23. exd4 Rd8 24. Rac1 Rxd4+ 25. Ke3 (25. Ke2 $5 {[%cal Rc1c5]} Ra5 26. a3 $11) 25... Re4+ (25... Rcd5 {feels hotter.} 26. Rc3 a5 27. Rhc1 h6 28. R1c2 Kf7) 26. Kf3 {The position is equal.} Rec4 27. Rxc4 Rxc4 $11 {KR-KR} 28. Rd1 Rc2 29. Rd7 a5 30. a4 Rxb2 {...Rb3+ is the strong threat.} 31. Ra7 Ra2 32. Rxa5 Kf7 33. Ra8 h6 34. a5 Kg6 35. Ra7 Kf6 36. Ra8 Kf7 37. a6 Kg6 38. Ra7 Kf6 {Accuracy: White = 78%, Black = 81%.} 1/2-1/2

[Event "FIDE Chesscom Grand Swiss 2019"]
[Site "Douglas-Isle of Man"]
[Date "2019.10.21"]
[Round "11.2"]
[White "Aronian, Levon"]
[Black "Carlsen, Magnus"]
[Result "1/2-1/2"]
[WhiteElo "2758"]
[BlackElo "2876"]
[Annotator "TA"]
[PlyCount "67"]
[EventDate "2019.10.10"]
[EventType "swiss"]
[EventCountry "GBR"]
[SourceTitle "playchess.com"]
[Source "ChessBase"]
[SourceQuality "1"]

{[%evp 9,67,-27,-15,-16,27,-3,0,0,0,0,0,0,0,0,0,0,0,0,0,9,11,0,0,0,0,0,0,-15,0,-24,-25,-14,0,-2,-2,-2,-2,-2,-4,-8,-10,-9,-7,-5,0,0,0,0,0,0,0,0,0,0,0,0,0,0,0,0]} 1. d4 Nf6 2. c4 e6 3. Nc3 Bb4 4. f3 c5 5. d5 b5 6. e4 {E20: Nimzo-Indian: 4 g3 and 4 f3} d6 7. Bd2 (7. Nge2 bxc4 8. Nf4 Bxc3+ 9. bxc3 e5 10. Ne2 Nh5 11. h4 Nd7 12. g4 Qf6 13. Kf2 Nf4 14. Nxf4 exf4 {0-1 (36) Kravtsiv,M (2644)-Moiseenko,A (2640) Kiev 2018}) 7... Bxc3 8. Bxc3 b4 9. Bd2 O-O $146 ({Predecessor:} 9... a5 10. Bd3 Ba6 11. Bg5 Nbd7 12. Nh3 h6 13. Be3 Ne5 {½-½ (21) Basara,A (1638)-Arnas,E (1603) Konya 2017}) 10. Be3 exd5 11. cxd5 Nfd7 12. Ne2 f5 13. exf5 Rxf5 14. Ng3 Re5 15. Kf2 Qh4 16. Qd2 Nf6 17. Rc1 {Strongly threatening Rc4.} Ba6 $1 ({Don't play} 17... Nxd5 18. f4 $16) 18. b3 Nxd5 {[#]} 19. Rc4 $1 {[%mdl 512]} Qe7 {[%cal Rd5e3]} (19... Bxc4 20. Bxc4) 20. Re4 Qe6 {The position is equal.} 21. Bf4 Nxf4 22. Qxf4 Bxf1 23. Rxe5 $1 dxe5 24. Qe4 Nc6 25. Rxf1 c4 26. Nf5 $132 {[%mdl 2048] White is not keeping still} cxb3 {[#]} 27. Qxc6 $1 {[%mdl 576] Remove Defender, Decoy} Qxc6 28. Ne7+ Kf8 29. Nxc6 bxa2 {aiming for ...a5.} 30. Nxb4 {Hoping for Ra1.} Rb8 31. Ra1 Rxb4 32. Rxa2 Rb7 33. Ke3 Ke7 34. Ra6 {Accuracy: White = 82%, Black = 86%.} 1/2-1/2

[Event "FIDE Chesscom Grand Swiss 2019"]
[Site "Douglas-Isle of Man"]
[Date "2019.10.21"]
[Round "11.2"]
[White "Kamsky, Gata"]
[Black "Durarbayli, Vasif"]
[Result "1-0"]
[WhiteElo "2685"]
[BlackElo "2617"]
[Annotator "TA"]
[PlyCount "117"]
[EventDate "2019.10.10"]
[EventType "swiss"]
[EventCountry "GBR"]
[SourceTitle "playchess.com"]
[Source "ChessBase"]
[SourceQuality "1"]

{[%evp 10,117,13,6,10,7,9,0,29,27,33,19,29,21,22,20,29,29,29,27,44,62,49,29,35,16,24,14,24,14,25,4,21,0,0,0,34,16,37,43,44,32,79,53,84,91,142,138,186,189,195,201,240,240,269,269,269,269,269,269,269,269,269,262,360,360,360,269,269,269,269,269,269,269,269,269,269,269,269,269,313,269,313,304,302,269,269,269,262,262,372,358,320,240,426,240,646,633,5194,3466,4930,4787,4766,3874,4779,4779,4775,4775,6687,4770]} 1. d4 Nf6 2. Nf3 e6 3. Bf4 b6 4. e3 Bb7 5. h3 Be7 6. Nbd2 c5 {A47: 1 d4 Nf6 2 Nf3 b6: Torre, London and Colle Systems} 7. Bd3 O-O 8. O-O cxd4 {The position is equal.} 9. exd4 d6 10. Bh2 a6 11. a4 Re8 (11... Nbd7 12. Re1 Re8 13. Qe2 {0-1 (45) Maghsoodloo,P (2688)-Sjugirov,S (2663) St Petersburg 2018}) 12. Re1 h6 $146 ({Predecessor:} 12... Nbd7 13. c3 {½-½ (61) Medvegy,Z (2539)-Korpa,B (2483) Hungary 2017}) 13. c3 Bf8 14. Nc4 Ra7 15. Nfd2 Qc7 16. Ne3 Nbd7 17. a5 b5 18. c4 bxc4 19. Ndxc4 Ba8 20. Rc1 $36 {[%mdl 2048] Nxd6 is the strong threat. White has good play.} Qb8 21. Ng4 Nxg4 22. hxg4 Qb7 {[%csl Ga8][%cal Rb7g2]} 23. f3 Qb4 24. Qd2 Qxd2 25. Nxd2 d5 26. Nb3 Nb8 27. Nc5 g5 ({Black should try} 27... Be7) 28. b4 $16 Nc6 29. Nxa6 Nxb4 30. Bb5 Rd8 31. Bc7 Rc8 {[#]} 32. Bb6 $1 {[%mdl 64] Discovered Attack} Rxc1 33. Rxc1 Rxa6 34. Rc8 Bb7 35. Rc7 Ra8 {And now ...Ba6 would win.} 36. Rxb7 Bd6 {[#]} 37. Rd7 $1 {[%cal Rd7d6]} Bf4 38. Rd8+ Rxd8 39. Bxd8 $18 {[%mdl 4096] Endgame KBB-KBN} Be3+ 40. Kf1 Bxd4 41. Bb6 Bc3 42. a6 Nxa6 43. Bxa6 Be5 44. Bc5 Kg7 45. Bd3 Kg8 46. Ke2 Kg7 47. Kd2 Kg8 48. Kc2 Kg7 49. Kb3 Kg8 (49... Bf6 $142 50. Kb4 Be5) 50. Ka4 Kg7 51. Kb5 Bg3 $2 (51... f6 52. Kb6 Bc3) 52. Be7 (52. Kc6 $142) 52... h5 $2 (52... f6 53. Kc6 Be1) 53. Bxg5 {White is clearly winning.} hxg4 54. fxg4 Be5 55. Kc6 Bc3 56. Kd7 Bf6 57. Bd2 Bd4 58. g5 e5 59. Kc6 {Accuracy: White = 78%, Black = 38%.} 1-0

[Event "FIDE Chesscom Grand Swiss 2019"]
[Site "Douglas-Isle of Man"]
[Date "2019.10.21"]
[Round "11.3"]
[White "Alekseenko, Kirill"]
[Black "Vitiugov, Nikita"]
[Result "1/2-1/2"]
[WhiteElo "2674"]
[BlackElo "2732"]
[Annotator "TA"]
[PlyCount "111"]
[EventDate "2019.10.10"]
[EventType "swiss"]
[EventCountry "GBR"]
[SourceTitle "playchess.com"]
[Source "ChessBase"]
[SourceQuality "1"]

{[%evp 11,111,16,25,18,23,16,23,10,18,18,25,22,25,8,14,14,8,15,20,3,3,0,0,0,16,-5,0,0,0,0,12,0,0,0,0,0,0,0,19,0,0,0,10,-26,0,0,0,0,0,-11,-9,-16,-17,-19,0,-10,0,0,0,0,17,18,15,12,14,17,14,15,16,16,15,16,14,18,23,45,45,45,45,8,8,8,8,23,15,8,8,8,8,8,8,8,8,8,8,8,8,8,8,8,8,8]} 1. e4 e5 2. Nf3 Nc6 3. Bc4 Bc5 4. O-O Nf6 5. d3 d6 6. c3 a6 7. a4 {C54: Giuoco Piano: 4 c3 Nf6, main lines with 5 d4 and 5 d3} Ba7 8. Re1 O-O 9. h3 {White has an edge.} h6 10. Nbd2 Re8 11. b4 Be6 12. Bxe6 Rxe6 13. Qc2 (13. Nf1 Qd7 14. Be3 Bxe3 15. Nxe3 d5 {1-0 (53) Vachier Lagrave,M (2774)-Aronian,L (2758) Khanty-Mansiysk 2019}) 13... Qd7 14. Rb1 b5 15. Ra1 Ree8 $146 ({Predecessor:} 15... Rd8) 16. Nb3 Ne7 17. Bd2 Ng6 18. c4 c6 19. c5 dxc5 20. bxc5 Rad8 21. axb5 axb5 22. d4 Bb8 $1 23. Ba5 Bc7 {[%cal Re5d4]} 24. Bb6 Ra8 25. Rad1 {Threatens to win with dxe5.} Qc8 26. Bxc7 Qxc7 27. d5 Ra4 28. dxc6 Ra6 29. Rd6 Rxc6 30. Qd2 Rxd6 31. cxd6 Qb6 32. Qb4 Rc8 33. Rd1 Rc2 34. Rd2 Rxd2 35. Nfxd2 Nf4 36. Nc4 Qc6 {[%mdl 64] Double Attack} 37. Nxe5 Qc2 $1 {[%cal Rc2d1] ( -> ...Qd1+)} 38. Nd2 Qc1+ 39. Kh2 Qe1 $1 {[%cal Re1f2]} 40. Qd4 $1 {And now d7 would win.} (40. d7 {is a self mate.} Qxf2 41. Qf8+ {[#]} Kh7 $1 {[%mdl 512]} 42. Qh8+ Kxh8 43. d8=Q+ Kh7 44. Qh8+ Kxh8 45. Nxf7+ Kh7 $1 {[%mdl 512]} 46. Ng5+ hxg5 47. Kh1 Qxg2#) 40... Ne2 {[%csl Ge2][%cal Re1g1]} 41. Ndf3 Nxd4 42. Nxe1 $11 {[%mdl 4096] Endgame KNN-KNN} Kf8 $1 43. f3 Ke8 $1 44. N1d3 Nd7 $1 45. Nxd7 Kxd7 $14 {KN-KN} 46. e5 Ke6 47. f4 Nc6 48. Kg3 {The position is equal.} f6 $1 49. Kg4 {aiming for f5+.} fxe5 50. fxe5 {Hoping for Kf4.} b4 51. Kf4 {Ke4 is the strong threat.} b3 52. Nc5+ Kd5 $132 {[%mdl 2048] Black is fighting back} 53. Nxb3 {Strongly threatening d7.} Nxe5 54. Kf5 Kxd6 55. Nd2 {Threatening Ne4+.} Nd3 56. Kg6 {Accuracy: White = 74%, Black = 79%.} 1/2-1/2

[Event "FIDE Chesscom Grand Swiss 2019"]
[Site "Douglas-Isle of Man"]
[Date "2019.10.21"]
[Round "11.3"]
[White "Parligras, Mircea-Emilian"]
[Black "Bacrot, Etienne"]
[Result "1/2-1/2"]
[WhiteElo "2629"]
[BlackElo "2671"]
[Annotator "TA"]
[PlyCount "60"]
[EventDate "2019.10.10"]
[EventType "swiss"]
[EventCountry "GBR"]
[SourceTitle "playchess.com"]
[Source "ChessBase"]
[SourceQuality "1"]

{[%evp 12,60,20,23,14,25,12,9,20,0,16,0,0,0,0,0,0,0,0,0,0,0,0,0,4,0,0,0,0,0,3,0,0,0,0,0,0,0,0,0,0,0,0,0,0,0,0,0,0,0,0]} 1. d4 d5 2. c4 e6 3. Nf3 Nf6 4. Nc3 Be7 5. Bf4 O-O 6. e3 b6 7. Bd3 Ba6 {D37: Queen's Gambit Declined: 5 Bf4} (7... dxc4 8. Bxc4 Ba6 9. Bxa6 Nxa6 10. Qa4 Qc8 11. O-O c5 12. Rac1 Qb7 13. a3 Rfc8 14. Nb5 Nb8 15. dxc5 bxc5 {½-½ (35) Shankland,S (2725)-Anand,V (2773) Wijk aan Zee 2019}) 8. cxd5 Nxd5 9. Nxd5 {The position is equal.} Qxd5 10. O-O c5 (10... Rc8 {is more complex.} 11. Re1 Bxd3 12. Qxd3 Nd7 13. e4 Qb7) 11. Bxa6 Nxa6 12. dxc5 Qxd1 13. Rfxd1 {c6 is the strong threat.} Nxc5 14. Bd6 $146 ({Predecessor:} 14. Kf1 Rfc8 15. Rac1 Kf8 {0-1 (50) Basso,P (2417)-Brunello,S (2557) Rome 2016}) 14... Bxd6 15. Rxd6 Rfd8 16. Rad1 Nb7 17. Rxd8+ Rxd8 18. Rxd8+ Nxd8 $11 {[%mdl 4096] Endgame KN-KN} 19. Kf1 Kf8 20. Ke2 Ke7 21. Nd4 a6 22. Kd3 Kd6 23. e4 g6 24. b4 e5 25. Ne2 Nc6 26. a3 b5 27. Nc3 h5 28. h4 Nd4 29. Ne2 Nc6 30. Nc3 Nd4 {Accuracy: White = 89%, Black = 81%.} 1/2-1/2

[Event "FIDE Chesscom Grand Swiss 2019"]
[Site "Douglas-Isle of Man"]
[Date "2019.10.21"]
[Round "11.4"]
[White "Wang, Hao"]
[Black "Howell, David W L"]
[Result "1-0"]
[WhiteElo "2726"]
[BlackElo "2694"]
[Annotator "TA"]
[PlyCount "43"]
[EventDate "2019.10.10"]
[EventType "swiss"]
[EventCountry "GBR"]
[SourceTitle "playchess.com"]
[Source "ChessBase"]
[SourceQuality "1"]

{[%evp 16,73,26,17,21,14,14,16,17,17,32,10,0,0,6,0,0,0,3,0,0,0,166,166,160,161,166,142,141,129,167,176,164,158,696,608,766,557,760,725,1125,1103,29970,29969,29969,29970,29985,29986,29987,29988,29986,29987,29987,29985,29987,29988,29990,29991,29991,29992]} 1. d4 Nf6 2. c4 g6 3. g3 Bg7 4. Bg2 d5 5. cxd5 Nxd5 6. Nf3 Nb6 7. O-O Nc6 8. e3 e5 9. Nc3 exd4 {D71: Fianchetto Grünfeld: 3 g3 d5 sidelines and 5 cxd5 (without Nf3)} 10. Nxd4 (10. exd4 O-O 11. Bg5 f6 12. Qb3+ Rf7 13. Bf4 Na5 14. Qb5 Nac4 15. d5 Bd7 16. Qb3 g5 17. Bc1 {½-½ (35) Jumabayev,R (2613)-Piorun,K (2685) Warsaw 2016}) 10... Nxd4 11. exd4 c6 {The position is equal.} 12. d5 cxd5 13. Nxd5 {White wants to play Qe2+.} O-O 14. Be3 {[#]} Be6 $146 {[%cal Rb6d5]} ({Predecessor:} 14... Nxd5) 15. Nxb6 axb6 16. Bxb7 Rxa2 17. Rxa2 Bxa2 18. Qa4 Bd5 $2 (18... Be6 $11) 19. Rd1 $18 Bxb7 20. Rxd8 Rxd8 21. f4 Bxb2 22. Qb4 {Played: Qa4-a7} 1-0

[Event "FIDE Chesscom Grand Swiss 2019"]
[Site "Douglas-Isle of Man"]
[Date "2019.10.21"]
[Round "11.4"]
[White "Berkes, Ferenc"]
[Black "Volokitin, Andrei"]
[Result "1/2-1/2"]
[WhiteElo "2667"]
[BlackElo "2627"]
[Annotator "TA"]
[PlyCount "62"]
[EventDate "2019.10.10"]
[EventType "swiss"]
[EventCountry "GBR"]
[SourceTitle "playchess.com"]
[Source "ChessBase"]
[SourceQuality "1"]

{[%evp 19,62,0,11,0,0,0,11,0,-4,-4,7,7,42,15,19,21,24,16,11,11,13,10,10,13,19,10,10,10,14,0,0,0,0,2,7,0,0,0,0,0,0,0,0,0,0]} 1. d4 Nf6 2. Nf3 d5 3. c4 e6 4. g3 Bb4+ 5. Bd2 Be7 6. Bg2 c6 7. Qc2 Nbd7 8. O-O b6 9. cxd5 cxd5 10. Bf4 Bb7 11. Rc1 {E11: Bogo-Indian} O-O 12. Qb3 (12. Nbd2 {feels hotter.} Rc8 13. Qa4 a5 14. h4 h6 15. e3) 12... Rc8 13. Rxc8 Qxc8 14. Nc3 {[#]} Qa8 $146 ({Predecessor:} 14... a6 15. Rc1 Qa8 16. Na4 b5 17. Nc5 Nxc5 18. dxc5 d4 {½-½ (30) Wojtaszek,R (2749)-Ding,L (2816) Shenzhen 2018}) 15. Nb5 a6 16. Bd6 (16. Nc7 $5 {[%cal Rc7a8]} Qa7 17. Qa4 $11) 16... Bxd6 17. Nxd6 Qb8 18. Nxb7 Qxb7 {The position is equal.} 19. Rc1 Rc8 20. Rc2 Rc6 21. e3 Qc8 22. Ne1 g5 23. Bf1 a5 24. Bb5 (24. Ba6 {is more complex.} Qc7 25. Re2 Kg7 26. Kg2 Qd8 27. Bb5) 24... Rxc2 25. Qxc2 Qxc2 26. Nxc2 $11 {[%mdl 4096] Endgame KBN-KNN} Kf8 27. h3 Ke7 28. Kf1 Ne4 29. Ke2 h6 30. g4 Ndf6 31. Bd3 Nd6 {Accuracy: White = 69%, Black = 69%.} 1/2-1/2

[Event "FIDE Chesscom Grand Swiss 2019"]
[Site "Douglas-Isle of Man"]
[Date "2019.10.21"]
[Round "11.5"]
[White "Shirov, Alexei"]
[Black "Van Foreest, Jorden"]
[Result "1/2-1/2"]
[WhiteElo "2664"]
[BlackElo "2621"]
[Annotator "TA"]
[PlyCount "63"]
[EventDate "2019.10.10"]
[EventType "swiss"]
[EventCountry "GBR"]
[SourceTitle "playchess.com"]
[Source "ChessBase"]
[SourceQuality "1"]

{[%evp 15,63,24,31,27,35,17,39,13,35,10,41,10,33,2,11,15,25,0,30,31,12,2,30,21,32,29,41,37,46,16,18,0,0,0,6,0,0,0,0,0,0,0,0,0,7,7,0,0,0,0]} 1. d4 d5 2. c4 c6 3. Nf3 Nf6 4. e3 Bf5 5. Nc3 e6 6. Nh4 Be4 7. f3 Bg6 8. Qb3 Qc7 9. Bd2 {D12: Slav Defence: 3 Nf3 Nf6 4 e3 Bf5} Be7 10. Nxg6 (10. O-O-O dxc4 11. Bxc4 a6 12. Be2 Nbd7 13. Nxg6 hxg6 14. Kb1 c5 15. d5 exd5 16. Nxd5 Nxd5 17. Qxd5 {0-1 (31) Karjakin,S (2773)-Caruana,F (2822) Saint Louis 2018}) 10... hxg6 11. g3 {White is slightly better.} dxc4 12. Bxc4 a6 13. Be2 Nbd7 14. Rc1 e5 {[#]} 15. O-O $146 ({Predecessor:} 15. dxe5 Nc5 16. Qc2 Qxe5 {½-½ (54) Vorobiov,E (2591)-Ladron de Guevara Pinto,P (2346) Montcada 2017}) 15... exd4 16. exd4 Qb6 17. Qxb6 Nxb6 18. Ne4 Nbd5 19. Rfe1 O-O 20. Bc4 Rfd8 21. Ba5 Re8 22. Nc3 (22. Kf1 {is more complex.} Rac8 23. Re2 Nc7 24. Rce1 Nxe4 25. Rxe4 Kf8 26. Bb3) 22... Bd6 {The position is equal.} 23. Rxe8+ Rxe8 24. Nxd5 Nxd5 25. Bxd5 cxd5 $11 {[%mdl 4096] Endgame KRB-KRB} 26. Kf2 f6 27. Rc3 Kf7 28. Bc7 Be7 29. Bb6 Bb4 30. Rc7+ Re7 31. Rc8 Re8 32. Rc7+ {Accuracy: White = 62%, Black = 66%.} 1/2-1/2

[Event "FIDE Chesscom Grand Swiss 2019"]
[Site "Douglas-Isle of Man"]
[Date "2019.10.21"]
[Round "11.5"]
[White "Paravyan, David"]
[Black "Le, Quang Liem"]
[Result "1/2-1/2"]
[WhiteElo "2602"]
[BlackElo "2708"]
[Annotator "TA"]
[PlyCount "161"]
[EventDate "2019.10.10"]
[EventType "swiss"]
[EventCountry "GBR"]
[SourceTitle "playchess.com"]
[Source "ChessBase"]
[SourceQuality "1"]

{[%evp 17,161,0,0,0,0,0,0,8,25,29,45,46,49,54,52,17,25,0,0,0,0,0,0,0,0,0,0,-58,-58,-58,-62,-62,-64,-62,-63,-54,-56,-64,-25,0,0,-15,0,0,0,0,0,0,0,0,0,0,0,0,0,0,0,0,0,0,0,0,0,0,0,0,0,0,0,0,0,-47,-6,-49,0,0,0,0,0,0,0,0,0,0,0,0,0,-2,0,0,0,0,0,0,0,0,0,-25,-25,-58,-52,-46,-183,-112,-145,-83,0,-66,-66,-66,-52,-65,0,-47,-67,-62,0,0,0,-5045,-4054,-1493,0,0,0,0,0,0,0,0,0,0,0,0,0,0,0,0,0,0,0,0,0,0,0,0]} 1. e4 c5 2. Nf3 Nc6 3. Bb5 g6 4. O-O Bg7 5. c3 Nf6 6. Re1 O-O 7. d4 d5 8. e5 Ne4 9. Bxc6 bxc6 10. Be3 {B31: Sicilian: 2...Nc6 3 Bb5 g6} (10. Nbd2 Bf5 11. Nh4 Be6 12. Nxe4 dxe4 13. Rxe4 cxd4 14. cxd4 c5 15. Be3 Qd5 16. Qc2 cxd4 17. Rxd4 Qxe5 18. Nf3 Qb5 {½-½ (45) Fedoseev,V (2664)-Motylev,A (2653) Khanty-Mansiysk 2015}) 10... Qb6 11. Qc1 cxd4 12. cxd4 Bf5 $146 ({Predecessor:} 12... a5 13. h3 Bf5 14. Nc3 Nxc3 15. Qxc3 Rfb8 16. Re2 Qb5 17. Rd2 Qc4 18. Qxc4 dxc4 {½-½ (37) Schulz,G (2162)-Priepke,W (2228) GER email 2013}) 13. Nh4 {f3 is the strong threat.} Rac8 14. Nxf5 gxf5 15. Nc3 Rfd8 16. f3 c5 $1 {[%cal Rc5d4]} 17. dxc5 ({Reject} 17. fxe4 cxd4 18. Nxd5 Rxc1 $17) 17... Nxc5 18. Na4 $1 {[%cal Ra4b6]} Qb5 19. Nxc5 d4 20. Bh6 Bxh6 21. Qxh6 {Hoping for Qg5+.} Qxc5 22. Qg5+ (22. Rac1 $11 Qb4 23. a3 Rxc1 24. Qxc1) 22... Kh8 $15 23. Rac1 Qb4 24. a3 Rxc1 $1 25. Qxc1 {[%mdl 4096] Endgame KQR-KQR} Qb6 26. b4 d3+ 27. Qc5 Qe6 28. Rd1 f6 29. Qc3 Qb6+ 30. Kf1 Qe3 31. Re1 Qb6 32. Rd1 Qa6 33. exf6 exf6 34. Rd2 Qd6 35. Kf2 Kg7 36. Qc5 Qd7 37. Qe3 Kg6 38. g3 a6 39. Kg2 Qc6 40. Kf2 Qc3 41. g4 fxg4 42. fxg4 Kf7 43. h3 Rd7 44. a4 Qc4 45. Kf3 Rd4 {[#]} 46. b5 $1 {[%mdl 512]} a5 (46... axb5 47. axb5) 47. Qh6 Qd5+ 48. Kf2 Qe4 49. Qe3 Qd5 50. Qh6 Ke6 51. Qe3+ Kd7 52. Qf3 Qd6 53. Kg2 Kc7 54. Qa8 Rxa4 55. Qa7+ Kd8 56. Qa8+ Ke7 57. Qg8 Rd4 58. Qxh7+ Kd8 59. Qb7 a4 60. Qa8+ Kd7 61. Qb7+ Kd8 62. Qa8+ $1 Ke7 63. Qb7+ $1 Qd7 64. Qxd7+ Rxd7 {KR-KR} (64... Kxd7 $15 65. Kf3 Kd6) 65. Kf3 a3 {aiming for ...a2!} 66. Ke3 Kd8 ({Better is} 66... Rd6 $1 $15) 67. h4 $11 Kc7 {White must now prevent ...Kb6.} 68. g5 $2 {[%mdl 8192]} (68. h5 $11) 68... fxg5 $19 69. hxg5 {[#]} Kb6 $2 (69... Rd6 $1 $19 {Strongly threatening ...Kb6.} 70. Kf4 {[#]} a2 $1 {[%mdl 512]} 71. Rxa2 d2 72. Rxd2 Rxd2) 70. g6 $11 {The position is equal.} Kxb5 {Threatens to win with ...Kc4.} 71. Rxd3 Ra7 {And now ...a2 would win.} 72. Kf4 a2 73. Rd1 a1=Q 74. Rxa1 Rxa1 {KR-KP} 75. Kf5 Kc6 76. g7 Rg1 77. Kf6 Kd7 {( -> ...Ke8)} 78. Kf7 Rf1+ 79. Kg6 $1 Rg1+ 80. Kf7 {[#]} Rxg7+ $1 {[%mdl 512]} 81. Kxg7 {Accuracy: White = 73%, Black = 70%.} 1/2-1/2